000 00620nam a2200229Ia 4500
005 20240307111809.0
008 131103s9999 xx 000 0 und d
020 _cRs.16
040 _aLoreto College
041 _aEnglish
082 _a371.3
_bBHA
100 _aBhatia,Kamala
245 4 _aThe Principles and Methods of Teaching,
_cKamala Bhatia and B.D.Bhatia
260 _aDelhi
_bDoaba House
_c1972
300 _axiv,496 p.
504 _aIncludes bibliography
650 _aSchools and their activities
651 _aSchool Administration
700 _aBhatia,B.D.
850 _aLCLIB
942 _cBK
999 _c9078
_d59557